000 00935cam a2200217 4500
001 J122651
008 030618n2002 000 0 eng u
035 _a(Sirsi) u122651
041 _aeng
050 _a346.410434
_c18
100 _aStacey, Martin
245 4 _aThe legal perspective
_h[videorecording]
260 _aLondon
_bRICS
_c2002
490 _aRICS Multimedia Presentations
490 _aRICS Telecommunications Forum Landlords and Tenants Opposites Can Attract Series
520 _aA twelve minute video presentation giving the legal view from both a landlord and a tenant's standpoint, highlighting the issues that can make a mutually productive and profitable operator, landlord and tenant relationship. .
690 _aPROPERTY-LANDLORD AND TENANT
710 _aRoyal Institution of Chartered Surveyors
_94900
710 _aRoyal Institution of Chartered Surveyors
_bTelecommunications Forum
_94469
942 _n0
999 _c102897
_d102897